Normal view
MARC view
- Electrical circuits
Entry Topical Term
001 - CONTROL NUMBER
- control field: 103784
003 - CONTROL NUMBER IDENTIFIER
- control field: NUST
005 - DATE AND TIME OF LATEST TRANSACTION
- control field: 20221129143527.0
008 - FIXED-LENGTH DATA ELEMENTS
- fixed length control field: 221129|| aca||aabn | a|a d
040 ## - CATALOGING SOURCE
- Original cataloging agency: NUST
- Transcribing agency: NUST
150 ## - HEADING--TOPICAL TERM
- Topical term or geographic name entry element: Electrical circuits
670 ## - SOURCE DATA FOUND
- Source citation: Work cat.: (NUST)182165: Ketchum,Donald J 101617, Pluse and switching circuits /, 1965
